| 000 | 01493nam a2200325 4500 | ||
|---|---|---|---|
| 001 | 174621 | ||
| 003 | ES-MaACL | ||
| 005 | 20250831072606.0 | ||
| 008 | 100512s1866 sp ap |||| | spa d | ||
| 080 | _a27(460) | ||
| 100 | 1 |
_aFlórez, Enrique, _d1702-1773 _9142679 |
|
| 240 | 1 | 0 | _aEspaña sagrada |
| 245 | 1 | 0 |
_aEspaña sagrada, continuada por la Real Academia de la Historia. _nTomo L, _pTratados LXXXVII y LXXXVIII _b: las santas iglesias de Tarazona y Tudela en sus estados antiguo y moderno / _cpor Vicente de la Fuente. |
| 260 |
_aMadrid : _bimprenta de José Rodríguez, _c1866. |
||
| 300 |
_aIX, 525 p., [1] h. de lám. pleg. ; _c20 cm. |
||
| 500 | _aLa h. de lam. es la lápida sepulcral de San Millán en el Monasterio de la Cogolla. | ||
| 504 | _aApéndices, p. 365-511. | ||
| 504 | _aÍndice alfabético de cosas notables del tomo. | ||
| 530 | _aDisponible en formato digital. | ||
| 546 | _aTextos de los apéndices en latín la mayor parte. | ||
| 650 | 7 |
_aHistoria eclesiástica _2embne _913400 |
|
| 651 | 4 |
_aTudela (Diócesis)- _xHistoria eclesiástica. _9142802 |
|
| 651 | 4 |
_aTarazona (Diócesis)- _xHistoria eclesiástica. _9142801 |
|
| 700 | 1 |
_aFuente, Vicente de la, _d1817-1889 _952857 |
|
| 710 | 2 |
_aReal Academia de la Historia (España) _96309 |
|
| 852 | 4 |
_aES-MaACL _jR-1617-69 _x C-16767-818 |
|
| 856 |
_uhttps://archive.org/details/espanasagradaco00fuengoog/page/n7 _zInternet Archive |
||
| 999 |
_c174621 _d174621 |
||